| 000 | 00805nam a2200217 a 4500 | ||
|---|---|---|---|
| 005 | 20241031063721.0 | ||
| 008 | 031105s1999 mx r 000 0 spa d | ||
| 020 | _a8495040328 | ||
| 035 | _aUPN01000130699 | ||
| 049 | _aI | ||
| 050 | 4 |
_aQP251.5 _bH3.3 |
|
| 100 | 1 |
_aHarris, Robie H. _933704 |
|
| 245 | 1 | 1 |
_a¡Es alucinante! : _bun libro que habla sobre óvulos, espermatozoides, nacimientos, bebés y familias / _cRobie H. Harris ; il. Michael Emberley ; tr. Miguel Ángel Mendo. |
| 260 |
_aBarcelona, Esp. : _bSerres, _c1999. |
||
| 300 |
_a81 p. : _bil., col. |
||
| 534 |
_pTraducción de: _tLet´s talk about where babies come from |
||
| 650 | 2 |
_aEducacion sexual para niños _93578 |
|
| 650 | 4 |
_aREPRODUCCION HUMANA - _xLITERATURA JUVENIL |
|
| 700 | 1 |
_aEmberley, Michael, _eil. |
|
| 905 | _aInfantil | ||
| 999 |
_c102856 _d102856 |
||